| 000 | 00936nam a2200229 i 4500 | ||
|---|---|---|---|
| 001 | bg | ||
| 100 | 1 | _aGRZEŚ, Jarosław | |
| 245 | 1 | 0 |
_aWłaściwości użytkowe i mikrostruktura wybranych powłok stopowych Ni-W-Co uzyskanych w procesie makładania tamponowego / _cJarosław Grześ ; Instytut Technologii Materiałów Elektronicznych. |
| 260 |
_aWarszawa : _bITME, _c1992. |
||
| 300 |
_a47, [1] s., [5 k.tabl.] : _brys., wykr. ; _c24 cm. |
||
| 490 | 1 |
_aPrace ITME / Instytut Technologii Materiałów Elektronicznych, _x0209-0066 ; _vz. 38 |
|
| 504 | _aBibliogr. s. 46-47. | ||
| 650 | 9 |
_aStopy _xbadanie |
|
| 650 | 9 |
_aPowłoki ochronne _xzagadnienia |
|
| 650 | 9 |
_aTechnologia _xobróbka powierzchniowa |
|
| 830 | 0 |
_aPrace ITME (Instytut Technologii Materiałów Elektronicznych) ; _vz. 38 |
|
| 040 | _cBPK | ||
| 041 | 0 | _apl | |
| 080 | _a669.2/.8.017/.018:621.791/.795 | ||
| 942 | _cKS | ||
| 008 | s pl f |000 0 pol | ||
| 999 |
_c34952 _d34952 |
||
| 856 |
_uhttp://koha.tu.koszalin.pl/cgi-bin/koha/opac-detail.pl?biblionumber=34952 _yKatalog online BPK |
||